Quizzes
Events
Quiz Creation
Community
Videos
Private Events
Remove Ads
Sign In
Join for FREE
Feedback
Dark Mode
Quiz Categories
Sports
Geography
Music
Movies
Television
Just For Fun
Miscellaneous
History
Literature
Language
Science
Gaming
Entertainment
Religion
Holiday
For Kids
Quiz Lab
Recent
Popular Today
Quiz Kudos Today
Editor Picks
Curator Picks
Quizzes by...
Day
Popularity
Type
Ratings
Length
Year
Community
Subscriptions
Recent Discussions
Orange Saloon
Badges
Playlists
Quests
Create
Leaderboards
Showdown
Live 5
Trivia Bingo
Activity
Puzzle Library
Sporcle Events
Private Events
Virtual Trivia
Globe League
Become a Host
Pub Owners
SporcleCon
Opinionation
Our Games
Videos
Blog
Mobile Apps
Partnerships
Remove Ads and Go Orange
Feedback
Entertainment
Celebrity
Famous
Musical
Broadway
Show
Quote
Comic Books
Anime
Superhero
DC Comics
Marvel
Cartoons
Animation
Entertainment
Celebrity
Famous
Musical
Broadway
Show
Quote
Comic Books
Anime
Superhero
DC Comics
Marvel
Cartoons
Animation
Random Quiz
Search Sporcle
×
Curator Pick
Curator Pick
Entertainment
Cartoons
Type in answers that appear in a list
Type in answers that appear in a list
Classic
Best Score? Go Orange.
Famous Cartoon Laughs Stats
Can you name the Cartoon characters you hear laughing?
By
Bawm79
3m
15 Questions
384 Plays
384 Plays
384 Plays
Comments
Comments
Give Quiz Kudos
Give Quiz Kudos
-
- Ratings
hide this ad
More Info
Forced Order
Answers have to be entered in order
Answers have to be entered in order
Replay
Link that replays current quiz
Next Quiz
Link to next quiz in quiz playlist
You Got
0%
They Got
Avg Score
41%
Avg Friend Score
Upgrade to see
Score Distribution
Jump to the score distribution portion of the page
Score
0/15
Timer
03:00
0
Plays Today
#
Cartoon Character
% Correct
1
Goofy
87.5%
4
Woody Woodpecker
71.5%
7
Scooby Doo
54.3%
3
Elmer J. Fudd
49.1%
8
Krusty the Klown
48%
2
Popeye the Sailor
47.5%
10
Nelson Muntz
45.4%
13
Peter Griffin
38.9%
#
Cartoon Character
% Correct
5
Barney Rubble
32.9%
6
Muttley
32.4%
11
Butt-head
31.9%
12
Beavis
28.2%
15
SpongeBob SquarePants
25.8%
14
Bender Bending Rodríguez
13.1%
9
Ren Höek
12.5%
Quiz Playlist
Details
Report
Send in Message
Add To Playlist
More Info:
Name the cartoon characters by their laughter, in chronological order by first appearance.
Classic:
Type in answers that appear in a list
Forced Order:
Answers have to be entered in order
Last Updated: Feb 16, 2017
Curator Pick in
Animation
Quiz Scoreboard
CHALLENGE
Sign Up to Join the Scoreboard
Show All
Scores
Hide
Comments
May contain spoilers
Recently Published
Movies - When Are They Set?
by FPL_Elf
Movies
5m
Popular People in 1961
by mucciniale
History
6m
1-10 Letter E Words III
by El_Dandy
Language
2m
More to Explore
Quiz From the Vault
Featured Blog Post
Where Did the Easter Bunny Come From?
hide this ad
You Might Also Like...
Tags
Animation Quiz
Cartoons Quiz
Famous Quiz
appearance
Character
hear
laugh
Today's Top Quizzes in Entertainment
Browse Entertainment
hide this ad
Today's Top Quizzes in Cartoons
Browse Cartoons
Top Contributed Quizzes in Entertainment
1
Kamen Rider Motifs
2
Dragon Ball Z: Goku's Fights in Order
3
Dragon Ball Z: Mega Character Search
4
One Piece Arcs By Order III
5
Survivor Winners Logic Quiz
6
Undead Unluck Minefield
7
Criteria Quickie: Cartoon Taxonomy II
8
Marvel Characters Bunker
9
Who Wants to Be a Millionaire: Anime Edition
10
Demon Slayer 11-1
Explore More
Trending Topics
Kpop
Disney
Harry Potter
NBA
Crossword
Anime
Marvel
The Office
Pokémon
Country
WWE
Puzzle
NFL
Song
Soccer
hide this ad
More By:
Bawm79
Quiz
Plays
Rating
Category
Featured
Created
10 Closest Capitals to Amsterdam
106,342
4.69
Geography
Jul 12, 2014
Pixelated Paintings
12,894
4.73
Miscellaneous
Jan 4, 2012
Word Ladder: Palindromes
11,132
4.54
Just For Fun
May 12, 2013
Most Spoken Languages of Europe
7,902
4.39
Language
Mar 22, 2014
Disney Animated Movies in Latin
4,176
4.63
Movies
Aug 21, 2012
Go to Creator's Profile
Score Distribution
Quiz Creator Spotlight
Bawm79
Follow
Send a Message
Quizzes Created
-
Created Quiz Play Count
-
More By This Creator
Popular Quizzes Today
1
Find the US States - No Outlines Minefield
2
Find the Countries of Europe - No Outlines Minefield
3
The Countries of the World
4
Popular People in 1961
5
1-10 Letter E Words III
6
US States
7
Find the US States
8
One Thing in Common: World Cities II
More Entertainment Quizzes
100 Random Funko Pop Characters
Curator's Pick
Trending Quizzes
Risky Map Clicking: Least Populous States A-Z
1-10 Letter F Words
1-10 Letter G Words
One Thing in Common: United Kingdom
Risky Map Clicking: Next State Alphabetically
Recently Updated
Leaping Animals
pecheneg
Reality TV Shows (A-Z)
bhenderson79
Rickey Henderson's Hall of Fame Teammates
pecheneg
Champions League XIs: Arsenal
pecheneg
Quick Pick: Celebrities in WWE's Hall of Fame
aduchscher
A-Z Keypad Blitz II
pecheneg
Multiple Oscar Actors
pecheneg
Mystery Phrase Blitz: Oscar 'Best Actors'
pecheneg
F. Scott Fitzgerald Novels
LTH
Pick 3 Villains
ddd62291
Trending Topics
Harry Potter
Disney
Crossword
NBA
Kpop
Anime
Marvel
Country
Pokémon
WWE
NFL
Song
The Office
Soccer
Puzzle
Your Account Isn't Verified!
In order to create a playlist on Sporcle, you need to verify the email address you used during registration. Go to your
Sporcle Settings
to finish the process.
Report this User
Report this user for behavior that violates our
Community Guidelines
.
Details:
Send Report
Go to the Sporcle.com Mobile Site →
Comments